| 000 | 006190000a22001810004500 | ||
|---|---|---|---|
| 090 |
_aAR _b01364 |
||
| 245 | 1 | 0 | _aResults of the archbold expeditions. N° 102. the species of Chiropodomys, arboreal mice of Indochina and the Malay Archipielago |
| 650 | 1 | 4 |
_aRoedores _97408 |
| 650 | 1 | 4 |
_aMorfología _992917 |
| 650 | 1 | 4 |
_aExpediciones científicas _992957 |
| 651 | 4 |
_pIndochina _992749 |
|
| 651 | 4 |
_pArchipiélago Malayo _992749 |
|
| 653 | _gChiropodomys | ||
| 041 | 0 | _aInglés | |
| 100 | 1 |
_aMusser, Guy G. _994668 |
|
| 942 | _cARTICULO | ||
| 773 | 1 |
_tBulletin American Museum of Natural History _3179 _h162 _q383-445 _d1979 |
|
| 999 |
_c10449 _d10449 |
||